| 000 | 00000nam##2200000za#4500 |
| 001 | 9.644230 |
| 003 | CaOODSP |
| 005 | 20220505163029 |
| 007 | cr ||||||||||| |
| 008 | 150407|2013||||xxc|||||o f|0| 0 fre|d |
| 040 | |aCaOODSP|bfre |
| 043 | |an-cn--- |
| 086 | 1 |aHP5-117/2013F-PDF |
| 110 | 2 |aAgence de santé publique du Canada. |
| 245 | 10|aLes racines de la résilience : |h[ressource électronique]|baplanir les inégalités dans les communautés autochtones / |c[publié par le] Conseil canadien des déterminants sociaux de la santé. |
| 260 | |aOttawa - Ontario : |bAgence de santé publique du Canada |c12 décembre 2013. |
| 300 | |a44p.|bréférences |
| 590 | |a15-02-Supp|b2015-02-16 |
| 691 | 07|aAutochtones|2gcpds |
| 691 | 07|aIndicateurs de l'état de santé|2gcpds |
| 775 | 08|tRoots of resilience : |w(CaOODSP)9.700332 |
| 856 | 40|ahttp://publications.gc.ca|qPDF|s261 Ko|uhttps://publications.gc.ca/collections/collection_2015/aspc-phac/HP5-117-2013-fra.pdf |